Symmikta sive Opuscula Graeca et Latina vetustiora, & recentiora /

Hlavní autor: Allacci, Leone, 1586-1669
Další autoři: Eugesippus
Jazyk: Řečtina, starověká (do 1453)
Latina
Vydáno: Venetiis : Typis Jo. Baptistae Pasquali, 1733
Témata:
Fyzický popis: [6], 40 s. ; 2°
Language note: Souběžný latinský a řecký text
Knihy
Uloženo v:
LEADER 01626nam a2200421 a 4500
001 mzk03001180659
003 CZ BrMZK
005 20160728160839.0
007 ta
008 060616s1733 it a fr|||||00| ||lat|d
040 |a BOA001  |b cze 
041 0 |a lat  |a grc 
072 7 |a 094  |x Staré tisky  |2 Konspekt  |9 12 
080 |a (0.068)094  |2 MRF 
080 |a 025.171  |2 MRF 
100 1 |a Allacci, Leone,  |d 1586-1669  |7 jn20020903084  |4 aut 
245 1 0 |a Symmikta sive Opuscula Graeca et Latina vetustiora, & recentiora /  |c Leonis Allatii 
246 3 1 |a Corpus Byzantinae Historiae 
260 |a Venetiis :  |b Typis Jo. Baptistae Pasquali,  |c 1733 
300 |a [6], 40 s. ;  |c 2° 
500 |a Výzdoba: Předtitul, nad impresem mědirytina, viněta, vlys, text tištěn dvousloupcově 
501 |a Přívazek 2 k: De rebus Constantinopolitanis a Leone Armenio ad Basilium Macedonem libri quatuor / Iosef Genesios 
505 0 |a Eugesippus de distantiis locorum Terrae Sanctae / Eugesippus. -- 123 s. 
510 3 |a ICCU 
546 |a Souběžný latinský a řecký text 
650 7 |a historické knihovní fondy  |7 ph172933  |2 czenas 
655 7 |a staré tisky  |7 fd422076  |2 czenas 
700 0 |a Eugesippus  |4 aut 
740 0 2 |a Eugesippus de distantiis locorum Terrae Sanctae 
903 |a RP 
910 |e BOE950  |c R - J. I. aa. 9,přív.2 
978 |b Pasquali, Giambatista  |a Venezia  |c 1733 
984 |a Paříž  |b Francie 
985 |a 1701-1750 
990 |a BK 
996 |e BOE950  |c R - J. I. aa. 9,přív.2 
991 |k rajhrad 
994 |a UP  |l MZK03  |b 001175189  |m přívazek 2  |n záznam 1. díla (pro objednání pokračujte kliknutím)